Dare to succeed/ (Record no. 8406)

MARC details
000 -LEADER
fixed length control field 00519 a2200181 4500
010 ## - LCCN (DPL NO)
LC control number ENG-88458
020 ## - INTERNATIONAL STANDARD BOOK NUMBER
International Standard Book Number 00700618496
Terms of availability 165.00
035 ## - SYSTEM CONTROL NUMBER
System control number EN-71991
037 ## - SOURCE OF ACQUISITION
Source of stock number/acquisition DBAD / PUB
082 00 - DEWEY DECIMAL CLASSIFICATION NUMBER
Classification number 158.1
100 1# - MAIN ENTRY--PERSONAL NAME
Personal name Veenman, Warren
245 10 - TITLE STATEMENT
Title Dare to succeed/
Statement of responsibility, etc by Warren Veenman [and] Sally Eichhorst
260 ## - PUBLICATION, DISTRIBUTION, ETC. (IMPRINT)
Place of publication, distribution, etc New Delhi
Name of publisher, distributor, etc Tata McGraw-Hill Publishing
Date of publication, distribution, etc 2008
300 ## - PHYSICAL DESCRIPTION
Extent 158 p.
Dimensions 22cm (pbk )
500 ## - GENERAL NOTE
General note Includes index
700 1# - ADDED ENTRY--PERSONAL NAME
Personal name Eichhorst, Sally
942 ## - ADDED ENTRY ELEMENTS (KOHA)
Institution code [OBSOLETE] dpl
Item type English Books
Source of classification or shelving scheme Dewey Decimal Classification
Classification part 158.1
Call number suffix VEE
Holdings
Withdrawn status Lost status Not for loan Collection code Home library Current library Source of acquisition Cost, normal purchase price Full call number Barcode Copy number Cost, replacement price Koha item type
    Not For Loan Non-fiction D.B.Act.Division D.B.Act.Division DBAD/PUB 165.00 158.1 VEE EN-71991 1 165.00 English Books

© Delhi Public Library
Hit Counter
free hit counter